| 000 | 00996nam a2200301 c 4500 | ||
|---|---|---|---|
| 999 |
_c489593 _d489593 |
||
| 003 | BLK | ||
| 005 | 20250624104511.0 | ||
| 008 | 200311b bul|||||r ||||||| ||bul|| | ||
| 020 |
_a9786197313598 _qтвърда корица |
||
| 020 |
_a9786197313581 _qмека корица |
||
| 040 | _aBLK | ||
| 041 |
_aBUL _cBUL |
||
| 080 |
_aБългарска литература _b821.163.2 _x-312.4 _z821.163.2-312.4 |
||
| 100 |
_aПопов, Васил Руменов _eпърви автор _9481233 |
||
| 139 |
_aПопов, Васил Руменов _bП 76 |
||
| 245 | 1 | 0 |
_aМамник _b _cВасил Попов |
| 257 | _aBGR | ||
| 260 |
_aСофия _bЕрове _c2022 _9220575 _n978-619-7313- |
||
| 300 |
_a669 с. _c21 см |
||
| 380 | _aX | ||
| 852 | _aЦб 316820 | ||
| 856 | 4 |
_qpdf _u _i0.00 _ldisable |
|
| 856 | 4 |
_qpdf _u _i0.00 _ldisable |
|
| 942 |
_cKNG _n0 _s1 _058 |
||
| 944 |
_aED _c2023-03-21 _k30540 _lСевдалина Тодорова |
||
| 999 | _d489593 | ||
| 999 | _d489593 | ||